00350nam a2200145Ia 4500003000400000005001700004008004100021040000700062041000800069082002100077100001800098245004400116260003100160365001300191OSt20230608101641.0210423s2005 xx 000 0 und d cAL aeng a302.2223b DESG aDESHMUKH (S). aGroup communication theory and methods. aNew DelhibAne Booksc2005 b495cINR